Etický a sociálny audit v porovnaní s finančným auditom v podmienkach konkrétneho podniku diplomová práca

Uložené v:
Podrobná bibliografia
Hlavný autor: Ševčíková, Ivana
Korporativný autor: Fakulta hospodárskej informatiky EU. Katedra účtovníctva a audítorstva
Ďalší autori: Hvoždarová, Jana
Médium: Kniha
Jazyk:Slovak
Vydavateľské údaje: Bratislava 2015
Tagy: Pridať tag
Žiadne tagy, Buďte prvý, kto otaguje tento záznam!

MARC

LEADER 00000nbm a2200000 4500
001 0203581
005 20161212113340.4
041 0 |a slo 
044 |a SK 
245 1 0 |a Etický a sociálny audit v porovnaní s finančným auditom v podmienkach konkrétneho podniku  |b diplomová práca  |c Ivana Ševčíková ; školiteľ: Janka Hvoždarová 
264 1 |a Bratislava  |c 2015 
300 |a 64 s. 
100 1 |a Ševčíková, Ivana 
700 1 |a Hvoždarová, Jana 
710 2 |a Fakulta hospodárskej informatiky EU. Katedra účtovníctva a audítorstva